000
00233nam a2200097Ia 4500
008
230907s9999||||xx |||||||||||||| ||und||
082
_a
333.79,ENE
245
0
_a
Energy security and development/
300
_a
xxi, 519p.:
942
_c
BK
999
_c
597777
_d
597777